KOHA-Header-6

Principles Of Electric Circuits (Record no. 7770)

000 -LEADER
fixed length control field 00240nam a2200109Ia 4500
020 ## - INTERNATIONAL STANDARD BOOK NUMBER
ISBN 9780130959973
100 ## - MAIN ENTRY--AUTHOR NAME
Personal name Floyd
245 #0 - TITLE STATEMENT
Title Principles Of Electric Circuits
260 ## - PUBLICATION, DISTRIBUTION, ETC. (IMPRINT)
Place of publication New York
Name of publisher Prentice Hall
Year of publication 2002
300 ## - PHYSICAL DESCRIPTION
Number of Pages 927
942 ## - ADDED ENTRY ELEMENTS (KOHA)
Koha item type Books
Holdings
Withdrawn status Lost status Collection code Permanent Location Current Location Shelving location Date acquired Full call number Accession Number Koha item type
    Electrical Engineering MAJU MAJU   2019-09-12 621.15 1874 Electrical Engineering

Powered by Koha